| 000 | 00869nac a22002531u 4500 | ||
|---|---|---|---|
| 010 | _a 93022716 | ||
| 020 | _a0385468946 : | ||
| 082 | 0 | 0 |
_a332 _bDOW |
| 090 |
_c5926 _d5926 |
||
| 100 | _aDowd, Merle E. | ||
| 245 | 1 | 0 |
_aMoney, banking, and credit made simple / _cMerle E. Dowd. |
| 250 | _a1st ed. | ||
| 260 |
_aNew York : _bDoubleday,c1994. _cc1994. |
||
| 300 |
_aviii, 195 p. : _bill. ; _c26 cm. |
||
| 500 | _a"A Made Simple book." | ||
| 500 | _aDistributer : Al-Ahram. | ||
| 504 | _aIncludes bibliographical references (p. [187]-188) and index. | ||
| 511 | _aCatalogued By : Mahitab. | ||
| 650 | 0 | _aFinance, Personal. | |
| 650 | 0 | _aBanks and banking. | |
| 650 | 0 | _aConsumer credit. | |
| 942 |
_cBB _k332DOW |
||
| 999 |
_c5926 _d5926 |
||